Countries Corey Taylor has Visited - Statistics

General Stats
  • This quiz has been taken 22 times
  • The average score is 35 of 47
Answer Stats
Continent Country % Correct
South America Brazil
100%
Europe Germany
100%
Oceania Australia
94%
North America Canada
94%
North America United States of America
94%
Europe France
89%
North America Mexico
89%
Europe Spain
89%
Europe United Kingdom
89%
South America Argentina
83%
Europe Italy
83%
Europe Norway
83%
Asia/ Europe Russia
83%
Europe Sweden
83%
Europe Austria
78%
Europe Finland
78%
Europe Ireland
78%
Europe Poland
78%
Europe Belgium
72%
Europe Denmark
72%
Europe Estonia
72%
Europe Greece
72%
Asia Indonesia
72%
Asia Japan
72%
Oceania New Zealand
72%
South America Peru
72%
Europe Portugal
72%
Asia/ Europe Turkey
72%
Europe Bulgaria
67%
South America Chile
67%
South America Colombia
67%
Europe Czech Republic
67%
South America Ecuador
67%
Europe Hungary
67%
Europe Netherlands
67%
Europe Romania
67%
Asia South Korea
67%
Europe Switzerland
67%
Europe Ukraine
67%
South America Venezuela
67%
South America Paraguay
61%
Europe Serbia
61%
Asia United Arab Emirates
61%
Europe Belarus
56%
North America Costa Rica
56%
Asia Israel
56%
Europe Luxembourg
56%
No matching quizzes found
Score Distribution
Percent of People with Each Score
Percentile by Number Answered
Your Score History
You have not taken this quiz